Historie okupovaného pohraničí 1938-1945. 7 / Zdeněk Radvanovský editor
Sborník obsahuje původní materiálové studie k problematice vývoje odtržených pohraničních oblastí českých zemí v l. 1938-1945.
Sborník se věnuje zejména několika menším oblastem, které se nestaly součástí Říšské župy Sudety, ale byly připojeny přímo k Německu a Rakousku.
Record details
- ISBN: 80-7044-459-2
- Physical Description: 273 s., [8] s. obr. příl. : tabulky
- Edition: Vyd. 1.
- Publisher: Ústí nad Labem : Univerzita J.E. Purkyně, 2003
Content descriptions
| Bibliography, etc. Note: | Obsahuje bibliografii, poznámky pod čarou |
| Language Note: | Obsahuje souhrny německy, přílohy |
Available copies
- 1 of 1 copy available at Common Catalog SPOK.
Holds
- 0 current holds with 1 total copy.
Show All Copies
| Location | Call Number / Copy Notes | Barcode | Shelving Location | Status | Due Date |
|---|---|---|---|---|---|
| Terezin Initiative Institute | 4043 | 4594304043 | Knihovna ITI | Available | - |
| LDR | 01357nam a2200301 4500 | ||
|---|---|---|---|
| 001 | 26612 | ||
| 003 | CZ-PrJAB | ||
| 005 | 20220904082412.0 | ||
| 008 | 030922s2003 xr ||||gr|||||000|0|cze d | ||
| 020 | . | ‡a80-7044-459-2 | |
| 035 | . | ‡a(CONS)1423 | |
| 035 | . | ‡a(CZ PrSKC)KN3148000000075730 | |
| 040 | . | ‡aULG001 ‡bcze | |
| 080 | . | ‡a94(100)"1939/1945" ‡2MRF-sel | |
| 080 | . | ‡a94(437) ‡2MRF-sel | |
| 110 | 2 | . | ‡aUniverzita J.E. Purkyně v Ústí nad Labem ‡7kn20010709114 |
| 245 | 1 | 0. | ‡aHistorie okupovaného pohraničí 1938-1945. ‡n7 / ‡cZdeněk Radvanovský editor |
| 250 | . | ‡aVyd. 1. | |
| 260 | . | ‡aÚstí nad Labem : ‡bUniverzita J.E. Purkyně, ‡c2003 | |
| 300 | . | ‡a273 s., [8] s. obr. příl. : ‡btabulky | |
| 504 | . | ‡aObsahuje bibliografii, poznámky pod čarou | |
| 520 | 9 | . | ‡aSborník obsahuje původní materiálové studie k problematice vývoje odtržených pohraničních oblastí českých zemí v l. 1938-1945. |
| 520 | 9 | . | ‡aSborník se věnuje zejména několika menším oblastem, které se nestaly součástí Říšské župy Sudety, ale byly připojeny přímo k Německu a Rakousku. |
| 546 | . | ‡aObsahuje souhrny německy, přílohy | |
| 700 | 1 | . | ‡aRadvanovský, Zdeněk, ‡d1953- ‡7xx0003772 ‡4edt |
| 852 | 4 | . | ‡bJACH-ITI ‡bJACH-ITI ‡cKnihovna ITI ‡j4043 ‡p4043 ‡y$0.00 |
| 910 | . | ‡aABE340 ‡b4043 | |
| 995 | . | ‡askok | |
| 901 | . | ‡a26612 ‡bISxN ‡c26612 ‡tbiblio | |